• 首页
  • 本馆介绍
  • 公告通知
  • 最新文献
  • 馆藏检索
  • 电子资源
  • 读者导购
  • 参考咨询
  • 我的图书馆
  • 登录
  • 详细信息显示
  • 放入我的书架
  • 预约/预借图书
  • 作者相关作品
  • 分类相关作品
  • 丛书相关作品
  • 出版社相关作品

书目信息

  • 表格格式
  • 工作单格式
  • 卡片格式
题名:
吹响合作的美妙乐章
    
 
作者: 万晓春 主编
分册:  
出版信息: 上海   上海大学出版社  2018.7
页数: 169页
开本: 23cm
丛书名:
单 册:
中图分类: G623.712
科图分类:
主题词: 口琴--吹奏法--教学研究--小学
电子资源:
ISBN: 978-7-5671-3142-2
000 00987nam0 2200265 45
001 012001001824
005 20140821140205.0
010    @a978-7-5671-3142-2@dCNY48.00
099    @aCAL 012018139309
100    @a20181105d2018 em y0chiy0110 ea
101 0  @achi
102    @aCN@b310000
105    @ag z 000yy
106    @ar
200 1  @a吹响合作的美妙乐章@Achui xiang he zuo de mei miao yue zhang@e小学口琴教学中培养学生合作表演能力的教学策略研究@f万晓春主编
210    @a上海@c上海大学出版社@d2018.7
215    @a169页@d23cm
300    @a其他题名:小学口琴教学中培养学生合作表演能力的教学策略研究
330    @a本书系上海市浦东新区音乐学科带头人、骨干教师等基层第一线教师的教学体会与经验总结,包括具体的教学设计及案例分析。
517 1  @a小学口琴教学中培养学生合作表演能力的教学策略研究
606 0  @a口琴@x吹奏法@x教学研究@x小学
690    @aG623.712@v5
701  0 @a万晓春@Awan xiao chun@c(女)@4主编
801    @aCN@bAHXH@c20210922
905    @b1249424-8@dG623.712@e1466@f5
    
    吹响合作的美妙乐章:小学口琴教学中培养学生合作表演能力的教学策略研究/万晓春主编.-上海:上海大学出版社,2018.7
    169页;23cm
    其他题名:小学口琴教学中培养学生合作表演能力的教学策略研究
    
    ISBN 978-7-5671-3142-2:CNY48.00
    本书系上海市浦东新区音乐学科带头人、骨干教师等基层第一线教师的教学体会与经验总结,包括具体的教学设计及案例分析。
●
相关链接 在E读中查询图书 在五车中查询图书 在当当中查询图书 在豆瓣中查询图书


正题名:吹响合作的美妙乐章     索取号:G623.712/1466         预约/预借

序号 登录号 条形码 馆藏地/架位号 状态 备注
1 1249424   212494246   第一样本阅览室/ [索取号:G623.712/1466] 在馆    
2 1249425   212494255   教育系资料室/ [索取号:G623.712/1466] 在馆    
3 1249426   212494264   教育系资料室/ [索取号:G623.712/1466] 在馆    
4 1249427   212494273   第四借阅区/ [索取号:G623.712/1466] 在馆    
5 1249428   212494282   第四借阅区/ [索取号:G623.712/1466] 在馆    
唐山师范学院图书馆 欢迎您!
大连网信软件有限公司© 版权所有